Normal view
MARC view
Entry Corporate Name
001 - CONTROL NUMBER
- control field: 6267
003 - CONTROL NUMBER IDENTIFIER
- control field: OSt
005 - DATE AND TIME OF LATEST TRANSACTION
- control field: 20120109154413.0
008 - FIXED-LENGTH DATA ELEMENTS
- fixed length control field: 120109|||a|||||| | ||| d
040 ## - CATALOGING SOURCE
- Original cataloging agency: OSt
- Transcribing agency: OSt
110 ## - HEADING--CORPORATE NAME
- Corporate name or jurisdiction name as entry element: Makerere University.
- Subordinate unit: Human Rights and Peace Centre.
670 ## - SOURCE DATA FOUND
- Source citation: Work cat.: (OSt)4964: East African journal of peace & human rights.2000 Vol.6, No.1, 2000-
